000 00620nam a2200205Ia 4500
003 GCL
008 140319s9999 xx 000 0 ara d
040 _aGCL /
_cGCL
082 0 4 _a843.03
_bس ا
100 1 _aساجان، فرانسواز
245 1 0 _aاتحبين نرامن ? /
_cساجان، فرانسواز
700 1 _aعبدالسلام شحاتة
700 1 _aعبدالمنعم الحضرى
300 _a129 ص
490 _a
650 0 4 _aالقصص الفرنسية
650 0 4 _aالادب الفرنسى المترجم
650 0 4 _aالادب العالمى المترجم
942 _2ddc
_cBK
999 _c40975
_d40975